000 00598nam a2200217Ia 4500
005 20250923150015.0
008 008 250917s9999 xx 000 0 eng d
037 _aTextual
040 _aDSWL
_beng
_cDSWL
041 _aeng
_2eng
084 _aW:58(Z)xN21, N99
_qDSWL
100 _aRawls, J.
_9841216
245 0 _aConcept of justice
_c by J. Rawls
260 _aRawat
_bRawat Publications
_c1999
300 _a182 p.
365 _aINR
_b350.00
700 _a A.K. Upadhyay
_9841217
925 _g350.00
942 _cTEXL
_hW:58(Z)xN21, N99
999 _c1458419
_d1458419